Statistics for Famous In WW2

Click here to take the quiz!

General Stats

  • This quiz has been taken 5,753 times
    (5,746 since last reset)
  • The average score is 9 of 13

Answer Stats

HintAnswer% Correct
Allied Forces Land In NormandyD-Day
88%
Italy's Leader, He Was ExecutedBenito Mussolini
87%
City In Russia Where Germany Were Effectively DefeatedStalingrad
85%
Country Where Most U.S Troops Were Based Before Heading To EuropeEngland
78%
The Most Famous Concentration CampAuschwitz
75%
Hitler's WifeEva Braun
68%
Germany's Plans To Invade RussiaOperation Barbarossa
67%
When Britain's Troops Pulled Out Of France In 1940Dunkirk Evacuation
66%
Britain's Pri-Minister During WW2, Before ChurchillNeville Chamberlain
65%
Britain's Famous General In North AfricaField Marshal Montgomery
59%
Hitler's Attempts to 'Purify' The WorldHolocaust
55%
Operation Where Allied Troops Parachuted Into HollandOperation Market Garden
49%
The Last Pacific Island The Allies TookOkinawa
47%

Score Distribution

Percentile by Number Answered

Percent of People with Each Score

Your Score History

You have not taken this quiz since the last reset